00648cam a2200205 a 450000100060000000300080000600500170001400800410003103500190007204000270009104100080011808200180012610000470014424501070019126000540029830000210035250400290037365000110040270000290041332492BD-RjUL20211209051838.0140426r19611950enk b 000 0 eng d a(BD-RjUL)32581 aDLCcDLCdBD-RjULbeng aeng a297bGAM 19611 aGaudefroy-Demombynes, Maurice,d1862-1957.10aMuslim institutions /cMaurice Gaudefroy-Demombynes ; translated from the French by John P. MacGregor. aLondon :bAllen & Unwin,c1950 [Impression 1961]. a216 p. ;c23 cm. aIncludes bibliographies. 0aIslam. aMacGregor, John P. , tr.